| 000 | 00627nam a2200181 4500 | ||
|---|---|---|---|
| 001 | 116395 | ||
| 003 | ES-MaACL | ||
| 005 | 20250731202945.0 | ||
| 007 | t| | ||
| 008 | 061121s1918 sp r ||||1| spa d | ||
| 100 | 1 |
_aOssorio y Gallardo, Ángel, _d1873-1946 _9138613 |
|
| 245 | 1 | 4 |
_aLos hombres de toga en el proceso de D. Rodrigo Calderón / _cAngel Ossorio y Gallardo. |
| 260 |
_aMadrid : _b[s.n.], _c1918 ( _fArtes Gráficas) |
||
| 300 |
_a258 p., 1 lám. ; _c19 cm. |
||
| 600 | 1 | 4 |
_aCalderón, Rodrigo, _cMarqués de Siete Iglesias, _d1570-1621 _933604 |
| 852 |
_aES-MaACL _jF-10965 |
||
| 999 |
_c116395 _d116395 |
||